Management : (Record no. 2271)
[ view plain ]
| 000 -LEADER | |
|---|---|
| fixed length control field | 00921nac a22002171u 4500 |
| 008 - FIXED-LENGTH DATA ELEMENTS--GENERAL INFORMATION | |
| fixed length control field | 100228t xxu||||| |||| 00| 0 eng d |
| 010 ## - LIBRARY OF CONGRESS CONTROL NUMBER | |
| LC control number | 2004063103 |
| 020 ## - INTERNATIONAL STANDARD BOOK NUMBER | |
| International Standard Book Number | 027369586X (pbk. : alk. paper) |
| 035 ## - SYSTEM CONTROL NUMBER | |
| System control number | (OCoLC)ocm57002659 |
| 082 00 - DEWEY DECIMAL CLASSIFICATION NUMBER | |
| Classification number | 658 |
| Item number | B6318 |
| 100 ## - MAIN ENTRY--PERSONAL NAME | |
| Personal name | Boddy, David. |
| 9 (RLIN) | 12030 |
| 245 10 - TITLE STATEMENT | |
| Title | Management : |
| Remainder of title | An Introduction / |
| Statement of responsibility, etc | David Boddy. |
| 250 ## - EDITION STATEMENT | |
| Edition statement | 3rd ed. |
| 260 ## - PUBLICATION, DISTRIBUTION, ETC. (IMPRINT) | |
| Place of publication, distribution, etc | Harlow : |
| Name of publisher, distributor, etc | Financial Times Prentice Hall,2005 |
| Date of publication, distribution, etc | 2005. |
| 300 ## - PHYSICAL DESCRIPTION | |
| Extent | xxi, 727 p. : |
| Other physical details | col. ill. ; |
| Dimensions | 27 cm. |
| 504 ## - BIBLIOGRAPHY, ETC. NOTE | |
| Bibliography, etc | Includes bibliographical references (p. 701-713) and index. |
| 650 #0 - SUBJECT ADDED ENTRY--TOPICAL TERM | |
| Topical term or geographic name as entry element | Management. |
| 9 (RLIN) | 12031 |
| 942 ## - ADDED ENTRY ELEMENTS (KOHA) | |
| Item type | Book - Borrowing |
| Call number prefix | 658B6318 |
| Source of classification or shelving scheme | Dewey Decimal Classification |
| Withdrawn status | Item status | Damaged status | Not for loan | Home library | Current library | Shelving location | Date acquired | Source of acquisition | Total Checkouts | Total Renewals | Full call number | Barcode | Date last seen | Date last borrowed | Koha item type |
|---|---|---|---|---|---|---|---|---|---|---|---|---|---|---|---|
| Central Library | Central Library | First floor | 07/02/2015 | Purchase | 3 | 3 | 658 BOD | 000001867 | 15/07/2025 | 22/03/2017 | Book - Borrowing | ||||
| Central Library | Central Library | First floor | 07/03/2014 | Purchase | 3 | 658 BOD | 000001145 | 15/07/2025 | 17/04/2019 | Book - Borrowing |